000 00600nam a2200169Ia 4500
003 GCL
008 140319s9999 xx 000 0 ara d
040 _aGCL /
_cGCL
082 0 4 _aق
_b962.074
_bع ح
100 1 _aعبدالستار الطويلة
245 1 0 _aحرب الساعات الست واحتمالات الحرب الخامسة /
_cعبدالستار الطويلة
300 _a557 ص
490 _aالهيئة العامة للاستعلامات
_v0
650 0 4 _aحرب اكتوبر 1973
650 0 4 _aمصر - تاريخ - العصر الحديث (1805 - 1956 )
942 _2ddc
_cBK
999 _c49968
_d49968